000 00315nam a2200145Ia 4500
100 _aPenfold J.W.
942 _cBK
654 _aMicrosoft visual basic
245 _aMicrosoft Visual basic
260 _bGalgotia
_aNew Delhi
_c1995
082 _a005.13 'B'
300 _a577
546 _aENGLISH
999 _c22187
_d22187